Logo BPK

Biblioteka

Politechniki Koszalińskiej

System cen w gospodarce socjalistycznej / (Rekord nr 21459)

Szczegóły MARC
000 -ETYKIETA REKORDU
podpole kontrolne o stałej długości 00307nam a2200121 i 4500
001 - NUMER KONTROLNY REKORDU
pole kontrolne bg
040 ## - ŹRÓDŁO KATALOGOWANIA
Instytucja, która utworzyła rekord BPK
041 ## - KOD JĘZYKA
Kod języka tekstu pol
008 - POLE O STAŁEJ DŁUGOŚCI - DANE KONTROLNE
podpole kontrolne o stałej długości s pl f |000 0 pol
100 1# - NAZWA OSOBOWA
Nazwa osobowa SZTYBER, Władysław
Numeracja związana z nazwą Bogdan
245 #0 - TYTUŁ/ODPOWIEDZIALNOŚĆ
Tytuł System cen w gospodarce socjalistycznej /
Pozostałe elementy strefy tytułu i oznaczenia odpowiedzialności Władysław Sztyber.
856 ## - LOKALIZACJA I DOSTĘP DO ELEKTRONICZNYCH DOKUMENTÓW ZDALNYCH
Link (URL) http://koha.tu.koszalin.pl/cgi-bin/koha/opac-detail.pl?biblionumber=21459
Tekst linku Katalog online BPK
942 ## - DODATKOWE ELEMENTY (KOHA)
Typ dokumentu Książka
Egzemplarze
Wycofany Status egzemplarza Uszkodzony Dostępność Lokalizacja stała Lokalizacja bieżąca Miejsce przechowywania Sygnatura Kod kreskowy Typ dokumentu
      Dostępny Biblioteka Politechniki Koszalińskiej Biblioteka Politechniki Koszalińskiej Wypożyczalnia BG 30116 02100081 Książka
      Dostępny Biblioteka Politechniki Koszalińskiej Biblioteka Politechniki Koszalińskiej Wypożyczalnia BG 30117 01566796 Książka
© 2023 Biblioteka Politechniki Koszalińskiej :: KOHA